| 000 | 01013cam a2200229 4500 | ||
|---|---|---|---|
| 001 | WB3639-31 | ||
| 008 | 000000n2000 000 0 eng u | ||
| 035 | _a(Sirsi) u108646 | ||
| 245 | _aBad news for rogue estate agents | ||
| 260 | _c2000 | ||
| 490 |
_aOFT Press Release _v(39/00) 27 September 2000 (2) |
||
| 520 | _aA court ruling confirms that estate agents can be banned after a single case of specified malpractice, providing greater protection for consumers. The decision follows a judicial review case brought by Benhams Ltd, who challenged the Office of Fair Trading's view that no action could be taken against estate agents on the basis of one instance of malpractice. | ||
| 590 | _aWB | ||
| 650 | _aCONSUMER PROTECTION | ||
| 650 | _aESTATE AGENTS | ||
| 650 | _aESTATE AGENTS ACT 1979 | ||
| 650 | _aESTATE AGENTS (UNDESIRABLE PRACTICES) (NO 2) ORDER 1991 | ||
| 650 | _aBENHAMS LTD | ||
| 650 | _aMALPRACTICE | ||
| 690 | _aMANAGEMENT-BUSINESS MANAGEMENT-PROFESSIONAL PRACTICE | ||
| 942 | _n0 | ||
| 999 |
_c64864 _d64864 |
||